Law, Memory and the legacy of apartheid (Record no. 31889)

MARC details
000 -LEADER
fixed length control field 00330nam a2200133Ia 4500
020 ## - INTERNATIONAL STANDARD BOOK NUMBER
ISBN 9780980265835
100 ## - STATEMENT OF RESPONSIBILITY--MAIN AUTHOR NAME
Personal name Le Roux, W. & Van Marle, K.
245 #0 - TITLE STATEMENT
Title Law, Memory and the legacy of apartheid
260 ## - PUBLICATION, DISTRIBUTION, ETC. (IMPRINT)
Year of publication 2007
300 ## - PHYSICAL DESCRIPTION
Number of Pages 203 p
942 ## - ADDED ENTRY ELEMENTS (KOHA)
Koha item type Books
Holdings
Withdrawn status Lost status Source of classification or shelving scheme Damaged status Not for loan Permanent Location Current Location Date acquired Accession Number Price effective from Koha item type
    Library of Congress Classification     NILE UNIVERSITY OF NIGERIA - MAIN LIBRARY NILE UNIVERSITY OF NIGERIA - MAIN LIBRARY 04/23/2025 0192388 04/23/2025 Books